00622 2200265 4500001002100000005001500021035002000036008004100056020000600097082000800103084001400111100001400125245005100139250002000190260003200210300004500242650001100287700000600298520000600304856000600310990001000316990001000326990001000336990001000346INLIS00000000002667020240821010735 a0010-1016000044240821 e 0 ind  a- a813 a813 TER b0 aTere Liye1 aBurlian :bSerial anak anak mamak /cTere Liye acetakan ketujuh aJakarta :bRepublika,c2009 avi+339 halaman :b- ;c13.5 x 20.5 cme- 4acerpen0 a- a- a- a40194 a40195 a40196 a42803